Középkori magyar uralkodók archeogenetikai vizsgálata
Középkori uralkodóink sírjai a történelem viharaiban elvesztek, maradványaik ismeretlen helyen, azonosítatlanul nyugszanak. Máig egyedül III. Béla maradványai kerültek elő, valamint szent királyaink ereklyéi maradtak meg az utókornak, melyek eredetiségét azonban sokan kétségbe vonják. Munkánk során...
Elmentve itt :
| Szerzők: | |
|---|---|
| Dokumentumtípus: | Könyv része |
| Megjelent: |
Magyarságkutató Intézet
Budapest
2023
|
| Sorozat: | László királytól Szent Lászlóig
|
| Tárgyszavak: | |
| doi: | 10.53644/MKI.LKSZL.2023.137 |
| mtmt: | 34107341 |
| Online Access: | http://publicatio.bibl.u-szeged.hu/28544 |
| LEADER | 02563naa a2200409 i 4500 | ||
|---|---|---|---|
| 001 | publ28544 | ||
| 005 | 20231031085938.0 | ||
| 008 | 231031s2023 hu o 0|| Magyar d | ||
| 020 | |a 9786156117724 | ||
| 024 | 7 | |a 10.53644/MKI.LKSZL.2023.137 |2 doi | |
| 024 | 7 | |a 34107341 |2 mtmt | |
| 040 | |a SZTE Publicatio Repozitórium |b hun | ||
| 041 | |a Magyar | ||
| 100 | 1 | |a Varga Gergely István | |
| 245 | 1 | 0 | |a Középkori magyar uralkodók archeogenetikai vizsgálata |h [elektronikus dokumentum] / |c Varga Gergely István |
| 260 | |a Magyarságkutató Intézet |b Budapest |c 2023 | ||
| 300 | |a 23 | ||
| 300 | |a 137-159 | ||
| 490 | 0 | |a László királytól Szent Lászlóig | |
| 520 | 3 | |a Középkori uralkodóink sírjai a történelem viharaiban elvesztek, maradványaik ismeretlen helyen, azonosítatlanul nyugszanak. Máig egyedül III. Béla maradványai kerültek elő, valamint szent királyaink ereklyéi maradtak meg az utókornak, melyek eredetiségét azonban sokan kétségbe vonják. Munkánk során a legtöbb királyunk temetkezési helyéül szolgált székesfehérvári királyi bazilika területén feltárt maradványok archeogenetikai vizsgálatát végezzük el, és azonosítjuk uralkodóink csontvázait. Emellett a Szent László-herma koponyaereklyéjét is megvizsgáltuk, hogy valódiságát igazoljuk. Míg a székesfehérvári vizsgálatokból csak részeredményeket közlünk, lévén a munka még nem fejeződött be, addig a Herma vizsgálata lezajlott, bemutatjuk, hogy eredetisége igazolást nyert, valóban Szent László koponyáját rejti. Mi több, azt is ismertetjük, hogyan járult hozzá Szent László genomvizsgálata az Árpád-házi maradványok személyazonosításához, és kimutatjuk a honfoglalók genetikai örökségét a Szent Király örökítőanyagában. | |
| 650 | 4 | |a Biológiai tudományok | |
| 650 | 4 | |a Történettudomány és régészet | |
| 700 | 0 | 1 | |a Kristóf Lilla Alida |e aut |
| 700 | 0 | 1 | |a Maár Kitti |e aut |
| 700 | 0 | 1 | |a Kis Luca |e aut |
| 700 | 0 | 1 | |a Schütz Oszkár |e aut |
| 700 | 0 | 1 | |a Váradi Orsolya Anna |e aut |
| 700 | 0 | 1 | |a Kovács Bence |e aut |
| 700 | 0 | 1 | |a Gînguță Alexandra |e aut |
| 700 | 0 | 1 | |a Tihanyi Balázs |e aut |
| 700 | 0 | 1 | |a Nagy Péter |e aut |
| 700 | 0 | 1 | |a Maróti Zoltán |e aut |
| 700 | 0 | 1 | |a Nyerki Emil |e aut |
| 700 | 0 | 1 | |a Török Tibor |e aut |
| 700 | 0 | 1 | |a Neparáczki Endre |e aut |
| 856 | 4 | 0 | |u http://publicatio.bibl.u-szeged.hu/28544/1/VargaGergelyIstvan.pdf |z Dokumentum-elérés |
| 856 | 4 | 0 | |u http://publicatio.bibl.u-szeged.hu/28544/3/34107341_c%C3%ADmlap_tartalom.pdf |z Dokumentum-elérés |